Decisiones destacadas en Derecho Administrativo
Guardat en:
| Autor principal: | |
|---|---|
| Format: | Llibre |
| Idioma: | espanyol |
| Publicat: |
Santiago
Thomson Reuters Puntolex
2012
|
| Col·lecció: | Tratado de Jurisprudencia y Doctrina
|
| Matèries: | |
| Etiquetes: |
Afegir etiqueta
Sense etiquetes, Sigues el primer a etiquetar aquest registre!
|
MARC
| LEADER | 00000cam a2200000 a 4500 | ||
|---|---|---|---|
| 001 | UCF0120 | ||
| 003 | CL-VaPUC | ||
| 008 | 120427e20120100CL |||||||||||||||||spa|d | ||
| 020 | |a 9789563370805o.c | ||
| 020 | |a 9789563371079t.1 | ||
| 020 | |a 9789563371086t.2 | ||
| 082 | 0 | 4 | |a 342.83066 |b COR |2 21 |
| 100 | 0 | |a Cordero Vega, Luis Alberto |e author |9 561952 | |
| 245 | 1 | 0 | |a Decisiones destacadas en Derecho Administrativo |
| 300 | |a t | ||
| 942 | |c BK | ||
| 945 | |d 20120427 00:00:00 |a dcastane | ||
| 260 | |a Santiago |b Thomson Reuters Puntolex |c 2012 | ||
| 500 | |a Revista Fallos del Mes | ||
| 650 | 0 | |a Derecho administrativo |9 254851 | |
| 650 | 0 | |a Procedimiento administrativo |9 256132 | |
| 650 | 0 | |a Administración pública |9 255343 | |
| 650 | 7 | |a DERECHO CHILENO |2 CL-VaPUC |9 561953 | |
| 583 | |a last modification |c 20120910 05:11:04 |k Rodrigo Vera | ||
| 490 | 0 | |a Tratado de Jurisprudencia y Doctrina | |
| 999 | |c 347601 |d 347599 | ||
| 952 | |0 0 |1 0 |4 0 |6 342_830660000000000_COR_2012 |7 0 |8 A |9 449057 |a BIBDER |b BIBDER |d 2019-11-22 |h t.1 |i 4851757 |l 2 |m 1 |o 342.83066 COR 2012 |p 4851757 |r 2024-11-11 |s 2024-10-03 |w 2019-11-22 |y BK |k DER | ||
| 952 | |0 0 |1 0 |4 0 |6 342_830660000000000_COR_2012 |7 0 |8 A |9 449058 |a BIBDER |b BIBDER |d 2019-11-22 |h t.2 |i 4851765 |l 2 |m 1 |o 342.83066 COR 2012 |p 4851765 |r 2024-11-11 |s 2024-10-03 |w 2019-11-22 |y BK |k DER | ||